<?xml version="1.0" encoding="UTF-8"?>
<record
    xmlns:xsi="http://www.w3.org/2001/XMLSchema-instance"
    xsi:schemaLocation="http://www.loc.gov/MARC21/slim http://www.loc.gov/standards/marcxml/schema/MARC21slim.xsd"
    xmlns="http://www.loc.gov/MARC21/slim">

  <leader>02054nam a2200397Ia 4500</leader>
  <controlfield tag="001">dia_5752</controlfield>
  <controlfield tag="003">CHAP</controlfield>
  <controlfield tag="005">20240320115531.0</controlfield>
  <controlfield tag="007">ta</controlfield>
  <controlfield tag="008">220117s2009    mx ae  f      001 0 spa d</controlfield>
  <datafield tag="040" ind1=" " ind2=" ">
    <subfield code="a">mxchpua</subfield>
    <subfield code="c">CHAP</subfield>
  </datafield>
  <datafield tag="090" ind1=" " ind2=" ">
    <subfield code="a">T.C.505 </subfield>
    <subfield code="b">H85 EIUPA </subfield>
    <subfield code="c">2009</subfield>
  </datafield>
  <datafield tag="245" ind1=" " ind2=" ">
    <subfield code="a">Hulkin, S. A. de C. V., Yucat&#xE1;n /</subfield>
    <subfield code="c">colaboradores Jos&#xE9; Luis Gamero P&#xE9;rez...[y otros]</subfield>
  </datafield>
  <datafield tag="260" ind1=" " ind2=" ">
    <subfield code="a">M&#xE9;xico :</subfield>
    <subfield code="b">El autor,</subfield>
    <subfield code="c">2009</subfield>
  </datafield>
  <datafield tag="336" ind1=" " ind2=" ">
    <subfield code="2">rdacontent</subfield>
    <subfield code="a">texto</subfield>
    <subfield code="b">txt</subfield>
  </datafield>
  <datafield tag="337" ind1=" " ind2=" ">
    <subfield code="2">rdamedia</subfield>
    <subfield code="a">no mediado</subfield>
    <subfield code="b">n</subfield>
  </datafield>
  <datafield tag="338" ind1=" " ind2=" ">
    <subfield code="2">rdacarrier</subfield>
    <subfield code="a">volumen</subfield>
    <subfield code="b">nc</subfield>
  </datafield>
  <datafield tag="500" ind1="0" ind2="0">
    <subfield code="a">Grado: 7&#xB0; a&#xF1;o Grupo: 04 
El impreso y CD solo contiene planos.</subfield>
  </datafield>
  <datafield tag="502" ind1=" " ind2=" ">
    <subfield code="a">Viaje de Estudios</subfield>
    <subfield code="b">(EIUPA) -- </subfield>
    <subfield code="c">UACh. Departamento de Ingenier&#xED;a Agroindustrial, </subfield>
    <subfield code="d">2009</subfield>
  </datafield>
  <datafield tag="505" ind1="0" ind2="0">
    <subfield code="a">Contiene 6 planos : --
1.Diagrama de tuber&#xED;a e instrumentaci&#xF3;n del agua --
2.Distribuci&#xF3;n de equipo --
3.Diagrama de recorrido --
4.Distribuci&#xF3;n de equipo --
5.Distribuci&#xF3;n de planta --
6.Diagrama de tuber&#xED;a e instrumentaci&#xF3;n</subfield>
  </datafield>
  <datafield tag="650" ind1="1" ind2="3">
    <subfield code="a">Alimentos congelados  </subfield>
    <subfield code="9">4302</subfield>
  </datafield>
  <datafield tag="650" ind1="1" ind2="3">
    <subfield code="a">Frozen foods</subfield>
    <subfield code="9">147452</subfield>
  </datafield>
  <datafield tag="700" ind1="1" ind2=" ">
    <subfield code="a">Gamero P&#xE9;rez, Jos&#xE9; Luis</subfield>
    <subfield code="9">44584</subfield>
    <subfield code="e">colaborador</subfield>
  </datafield>
  <datafield tag="856" ind1="4" ind2="2">
    <subfield code="u">http://10.13.5.2/ve/TC505EIUPA/TC505EIUPA2008-PLANODISTRIBUCIONDEEQUIPO.pdf</subfield>
    <subfield code="y">DESCARGAR PLANO DISTRIBUCION DE EQUIPO</subfield>
  </datafield>
  <datafield tag="856" ind1="4" ind2="2">
    <subfield code="u">http://10.13.5.2/ve/TC505EIUPA/TC505EIUPA2008-PLANO-DIAGRAMADERECORRIDO.pdf</subfield>
    <subfield code="y">DESCARGAR DIAGRAMA DE RECORRIDO</subfield>
  </datafield>
  <datafield tag="856" ind1="4" ind2="2">
    <subfield code="u">http://10.13.5.2/ve/TC505EIUPA/TC505EIUPA2008-PLANO-DTIAGUA.pdf</subfield>
    <subfield code="y">DESCARGAR PLANO DTI AGUA</subfield>
  </datafield>
  <datafield tag="856" ind1="4" ind2="2">
    <subfield code="u">http://10.13.5.2/ve/TC505EIUPA/TC505EIUPA2008-PLANO-DISTRIBUCIONDEEQUIPO.pdf</subfield>
    <subfield code="y">DESCARGAR PLANO DISTRIBUCION DE EQUIPO 2</subfield>
  </datafield>
  <datafield tag="856" ind1="4" ind2="2">
    <subfield code="u">http://10.13.5.2/ve/TC505EIUPA/TC505EIUPA2008-PLANO-DISTRIBUCIONDEPLANTA.pdf</subfield>
    <subfield code="y">DESCARGAR PLANO DE  DISTRIBUCION DE PLANTA </subfield>
  </datafield>
  <datafield tag="856" ind1="4" ind2="2">
    <subfield code="u">http://10.13.5.2/ve/TC505EIUPA/TC505EIUPA2008-PLANO-DTIFRIO.pdf</subfield>
    <subfield code="y">DESCARGAR PLANO DTI FRIO</subfield>
  </datafield>
  <datafield tag="901" ind1=" " ind2=" ">
    <subfield code="a">T.C.505 H85 EIUPA 2009</subfield>
  </datafield>
  <datafield tag="902" ind1=" " ind2=" ">
    <subfield code="a">M</subfield>
  </datafield>
  <datafield tag="905" ind1=" " ind2=" ">
    <subfield code="a">5132272009                          mx el  8223123322spa16</subfield>
  </datafield>
  <datafield tag="942" ind1=" " ind2=" ">
    <subfield code="2">local</subfield>
  </datafield>
  <datafield tag="942" ind1=" " ind2=" ">
    <subfield code="c">VE</subfield>
  </datafield>
  <datafield tag="999" ind1=" " ind2=" ">
    <subfield code="c">176686</subfield>
    <subfield code="d">176686</subfield>
  </datafield>
  <datafield tag="952" ind1=" " ind2=" ">
    <subfield code="0">0</subfield>
    <subfield code="1">0</subfield>
    <subfield code="2">local</subfield>
    <subfield code="4">0</subfield>
    <subfield code="5">1</subfield>
    <subfield code="7">0</subfield>
    <subfield code="8">VE</subfield>
    <subfield code="a">IA_</subfield>
    <subfield code="b">IA_</subfield>
    <subfield code="d">2022-01-18</subfield>
    <subfield code="e">El autor</subfield>
    <subfield code="l">0</subfield>
    <subfield code="o">T.C.505 H85 EIUPA 2009</subfield>
    <subfield code="p">1106008740</subfield>
    <subfield code="r">2026-01-26 00:00:00</subfield>
    <subfield code="t">Ej.2</subfield>
    <subfield code="w">2022-01-18</subfield>
    <subfield code="y">CD</subfield>
  </datafield>
  <datafield tag="952" ind1=" " ind2=" ">
    <subfield code="0">0</subfield>
    <subfield code="1">0</subfield>
    <subfield code="2">local</subfield>
    <subfield code="4">0</subfield>
    <subfield code="5">1</subfield>
    <subfield code="7">0</subfield>
    <subfield code="8">VE</subfield>
    <subfield code="a">IA_</subfield>
    <subfield code="b">IA_</subfield>
    <subfield code="d">2022-01-18</subfield>
    <subfield code="e">El autor</subfield>
    <subfield code="l">0</subfield>
    <subfield code="o">T.C.505 H85 EIUPA 2009</subfield>
    <subfield code="p">1106009160</subfield>
    <subfield code="r">2022-01-18 00:00:00</subfield>
    <subfield code="t">Ej.1</subfield>
    <subfield code="w">2022-01-18</subfield>
    <subfield code="y">VE</subfield>
  </datafield>
  <datafield tag="952" ind1=" " ind2=" ">
    <subfield code="0">0</subfield>
    <subfield code="1">0</subfield>
    <subfield code="2">local</subfield>
    <subfield code="4">0</subfield>
    <subfield code="7">0</subfield>
    <subfield code="8">VEE</subfield>
    <subfield code="a">IA_</subfield>
    <subfield code="b">IA_</subfield>
    <subfield code="c">E_L</subfield>
    <subfield code="d">2022-01-18</subfield>
    <subfield code="e">El autor</subfield>
    <subfield code="l">0</subfield>
    <subfield code="o">T.C.505 H85 EIUPA 2009</subfield>
    <subfield code="p">1206009160</subfield>
    <subfield code="r">2024-03-20 00:00:00</subfield>
    <subfield code="w">2022-01-18</subfield>
    <subfield code="y">VEE</subfield>
  </datafield>
</record>
